Voleibol : (Record no. 27289)
[ view plain ]
| 000 -LEADER | |
|---|---|
| fixed length control field | 00659nam a22002297a 4500 |
| 001 - CONTROL NUMBER | |
| control field | sjds |
| 003 - CONTROL NUMBER IDENTIFIER | |
| control field | sjds |
| 005 - DATE AND TIME OF LATEST TRANSACTION | |
| control field | 20221221195413.0 |
| 008 - FIXED-LENGTH DATA ELEMENTS--GENERAL INFORMATION | |
| fixed length control field | 220729b ck ||||| |||| 00| 0 spa d |
| 020 ## - INTERNATIONAL STANDARD BOOK NUMBER | |
| International Standard Book Number | 9789583000157 |
| 020 ## - INTERNATIONAL STANDARD BOOK NUMBER | |
| International Standard Book Number | 9583000159 |
| 040 ## - CATALOGING SOURCE | |
| Transcribing agency | sjds |
| 041 ## - LANGUAGE CODE | |
| Language code of text/sound track or separate title | spa |
| 100 10 - MAIN ENTRY--PERSONAL NAME | |
| Personal name | Perea Rosero, Tucídides |
| 245 ## - TITLE STATEMENT | |
| Title | Voleibol : |
| Remainder of title | reglas aprobadas por la FIVB / |
| Statement of responsibility, etc. | Tucidides Perea Rosero |
| 246 ## - VARYING FORM OF TITLE | |
| Title proper/short title | Reglamento de Voleibol |
| 260 ## - PUBLICATION, DISTRIBUTION, ETC. (IMPRINT) | |
| Place of publication, distribution, etc. | Santafe de Bogota : |
| Name of publisher, distributor, etc. | Panamericana Editorial, |
| Date of publication, distribution, etc. | 2000 |
| 300 ## - PHYSICAL DESCRIPTION | |
| Extent | 144 p. : |
| Other physical details | il. ; |
| Dimensions | 16 cm. |
| 440 ## - SERIES STATEMENT/ADDED ENTRY--TITLE | |
| Title | Reglamento oficial ilustrado, |
| Number of part/section of a work | 1. |
| 650 ## - SUBJECT ADDED ENTRY--TOPICAL TERM | |
| Topical term or geographic name as entry element | Voleibol |
| General subdivision | Reglamentos. |
| 942 ## - ADDED ENTRY ELEMENTS (KOHA) | |
| Koha item type | Libro/Book |
| Source of classification or shelving scheme | Dewey Decimal Classification |
| Withdrawn status | Lost status | Damaged status | Not for loan | Home library | Current library | Date acquired | Total Checkouts | Full call number | Barcode | Checked out | Date last seen | Date checked out | Price effective from | Koha item type | Total Renewals | Inventory number |
|---|---|---|---|---|---|---|---|---|---|---|---|---|---|---|---|---|
| San Juan Del Sur -- Mobile | El Baston | 28/12/2022 | 1 | JAA | 33017027 | 18/05/2023 | 13/04/2023 | 13/04/2023 | 28/12/2022 | Libro/Book | ||||||
| San Juan Del Sur -- Mobile | La Cuesta | 29/07/2022 | 4 | JAA | 33016235 | 27/11/2024 | 23/10/2024 | 23/10/2024 | 29/07/2022 | Libro/Book | ||||||
| San Juan Del Sur -- Mobile | La talanguera | 21/12/2022 | 2 | JAA | 33017000 | 09/05/2024 | 04/04/2024 | 04/04/2024 | 21/12/2022 | Libro/Book | 1 | |||||
| San Juan Del Sur -- Mobile | Las delicias | 05/08/2022 | 3 | 33004842 | 26/09/2024 | 22/08/2024 | 22/08/2024 | 05/08/2022 | Libro/Book | 1 | ||||||
| San Juan Del Sur -- Mobile | San Juan Del Sur -- Mobile | 09/02/2023 | JAA | 30029815 | 09/02/2023 | 09/02/2023 | Libro/Book | Inventory date: 1-2-25 | ||||||||
| San Juan Del Sur -- Mobile | Tortuga | 09/02/2023 | 1 | JAA | 30029814 | 20/04/2026 | 16/03/2026 | 16/03/2026 | 09/02/2023 | Libro/Book | Inventory date: 15-5-25 |